Gravity Falls Character Quotes - Statistics

General Stats
  • This quiz has been taken 226 times
  • The average score is 12 of 25
Answer Stats
Hint Answer % Correct
"This attic is amazing! Check out all my splinters!" Mabel
84%
"I'm trying to take the 'die' out of 'trick or treat or die'." Dipper
75%
"Oh man, I can't wait for the year 2000!" Soos
72%
"Yes, it is much faster than shaving." Stanford
72%
"Stan, I'm sorry, I'm gonna need that painting back, STAN, STAN!" Bud
66%
"This just in... this arrow in my shoulder!" Toby
66%
"Dinosaurs aren't magic, they're just big lizards." Stanley
63%
"Status update: trapped in store with insane nine-year-old." Tambry
63%
"Well, well, and here I thought today couldn't get any BETTER!" Bill
61%
"It begins with a 'D' and ends with 'ipper'." Candy
56%
"I REBUKE THEE!" Gideon
56%
"Ow! My hair!" Pacifica
54%
"I think I'll go stare at a wall and rethink EVERYTHING." Wendy
53%
"Ow! My hair also!" Robbie
51%
"You can't break what's already broken!" Old Man McGucket
50%
"No, YOU'RE a dance machine!" Thompson
41%
"I'm a hot dog!" Nate
34%
"With you, every day is a dream." Sheriff Blubs
33%
"No... he is not there..." Abuelita
31%
"Now for the 38 sequels!" Grenda
30%
"My body is a temple! How dare you!" Blendin Blandin
26%
"Your mom's a genius." Lee
26%
"YOU TAKE THAT BAAAAAAAACK!" Rumble
23%
"WE'RE NOT THREATENING!" Sev'ral Times
11%
"I think I might be colorblind now..." Deputy Derland
4%
No matching quizzes found
Score Distribution
Percent of People with Each Score
Percentile by Number Answered
Your Score History
You have not taken this quiz